Statistics for Largest Cities In Georgia

Click here to take the quiz!

General Stats

  • This quiz has been taken 5 times
  • The average score is 9 of 20

Answer Stats

RankPopulationCity% Correct
1479,655Atlanta
100%
2201,463Augusta
100%
3196,670Columbus
100%
5145,342Savannah
100%
6124,602Athens
80%
4153,490Macon
80%
1274,631Albany
60%
7105,411Sandy Springs
60%
1364,672Alpharetta
40%
994,257Roswell
40%
1556,074Valdosta
40%
1083,637Johns Creek
20%
1460,410Marietta
20%
1655,976Smyrna
20%
894,912South Fulton
20%
1174,762Warner Robins
20%
1853,140Brookhaven
0%
1949,016Dunwoody
0%
2042,463Peachtree Corners
0%
1753,772Stonecrest
0%

Score Distribution

Percentile by Number Answered

Percent of People with Each Score

Your Score History

You have not taken this quiz